[Event "IND-ch U17 Girls 20th"]
[Site "Chakradharpur"]
[Date "2009.10.07"]
[Round "1"]
[White "Saranya, J."]
[Black "Basu, Panchalee"]
[Result "1-0"]
[WhiteElo "2132"]
[BlackElo "1629"]
[PlyCount "93"]
[EventDate "2009.10.07"]
[EventType "swiss"]
[EventRounds "11"]
[EventCountry "IND"]
[SourceTitle "CBM 132 Extra"]
[Source "ChessBase"]
[SourceDate "2009.11.03"]
[SourceVersion "1"]
[SourceVersionDate "2009.11.03"]
[SourceQuality "1"]

1. e4 c5 2. Nf3 e6 3. d4 cxd4 4. Nxd4 Nf6 5. Bd3 d6 6. c4 Be7 7. Nc3 0-0 8. Be3 a6 9. f3 Nc6 10. 0-0 Qc7 11. Rc1 Bd7 12. Nd5 exd5 13. cxd5 Rfe8 14. Qc2 Rec8 15. dxc6 bxc6 16. Rfd1 Qb7 17. b3 Bf8 18. Kh1 g6 19. Bg5 Bg7 20. Qd2 d5 21. Rf1 Ne8 22. Ne2 Nc7 23. Nc3 Ne6 24. Bh4 Re8 25. Be2 d4 26. Na4 Rac8 27. f4 c5 28. f5 Nd8 29. Nxc5 Qa7 30. Nxd7 Qxd7 31. Rxc8 Qxc8 32. f6 Bf8 33. Qxd4 Qc2 34. Bf3 Qxa2 35. Qd7 Re6 36. Qxd8 Qxb3 37. Bg3 Qb4 38. Bf4 Qb5 39. Rd1 Re8 40. Qd5 Qb6 41. e5 a5 42. Be2 Qa7 43. Bc4 a4 44. Be3 Qc7 45. Bb6 Qc8 46. Qxf7+ Kh8 47. Qg8# 1-0